Football (Soccer) Teams With The Most Facebook Fans - Statistics

General Stats
  • This quiz has been taken 1,961 times
  • The average score is 13 of 20
Answer Stats
# Facebook Fans Club % Correct
2. 56,452,248 Real Madrid
99%
1. 60,654,695 Barcelona
98%
3. 45,365,177 Manchester United
97%
4. 27,006,283 Chelsea
93%
11. 10,651,463 Galatasaray
93%
7. 17,679,763 Liverpool
93%
8. 14,228,945 Bayern Munich
92%
9. 11,345,218 Juventus
84%
5. 22,926,703 Arsenal
81%
14. 7,920,164 Borussia Dortmund
81%
6. 20,859,139 AC Milan
78%
19. 4,650,475 Tottenham Hotspur
73%
10. 11,136,862 Manchester City
63%
12. 9,466,103 Paris Saint-Germain
53%
13. 8,115,130 Fenerbahçe
52%
17. 4,757,624 Boca Juniors
24%
18. 4,709,415 Beşiktaş
23%
16. 6,644,047 Flamengo
14%
15. 6,776,703 Corinthians
12%
20. 4,395,644 Club América
1%
No matching quizzes found
Score Distribution
Percent of People with Each Score
Percentile by Number Answered
Your Score History
You have not taken this quiz